Modlím sa za celú rodinu Jubilant - spisovateľ Igor Gallo

Bibliographic Details
Main Authors: Gallo, Igor, 1936-2019 (Author), Balák, Štefan, 1944-2014 (Author)
Format: Article
Language:Slovak
PhysicalDescription:Fotogr. 1
Subjects:

MARC

LEADER 00000nab a2200000 a 4500
001 vtls000582015
003 SK-MaSNL
005 20260303231533.0
008 160203c1996 xo 0 slo
015 |a SNBRB19rr/mm-uuuuu 
035 |a CL0582154 
040 |a SNKBUCL  |b slo  |c SNKBUCL  |e AACR2 
041 0 |a slo 
044 |a xo  |c SK 
080 |a 82:929:885.4  |2 1981 
080 |a 885.4  |2 1981 
100 1 |a Gallo, Igor,  |d 1936-2019  |4 aut  |9 85732 
245 1 0 |a Modlím sa za celú rodinu  |b Jubilant - spisovateľ Igor Gallo  |c Igor Gallo, Štefan Balák 
300 |b Fotogr. 1 
600 1 7 |a Gallo, Igor,  |d 1936-2019  |2 snkbucl  |9 85732 
655 7 |a články z novín a časopisov  |2 snkbucl  |9 267496 
655 7 |a články z odboru literárna veda a krásna literatúra  |2 snkbucl  |9 770045 
700 1 |a Balák, Štefan,  |d 1944-2014  |4 aut  |9 102338 
773 0 |t Extra  |g Roč. 5, č. 14 (1996), s. 6 
850 |a Slovenská národná knižnica v Martine  |a MTA001 
852 |a SNK  |b KIS3GCP 
958 |a RK 
958 |a LX 
958 |a SK 
992 |a RBX 
999 |c 2267312  |d 2269242